| 000 | 00613nam a2200217 4500 | ||
|---|---|---|---|
| 003 | MX-MxINE | ||
| 005 | 20260601193858.0 | ||
| 008 | 260421b1956 xxua|||| |||| 00| 0 eng d | ||
| 040 |
_aICI _bspa _cICI _erda |
||
| 050 |
_aNC997 _bH67 1956 |
||
| 100 |
_aHornung, Clarence Pearson _eautor _933341 |
||
| 245 | _aHandbook of early advertising art, mainly from american sources | ||
| 250 | _a3 | ||
| 264 |
_aNew York _b Dover _c 1956 |
||
| 300 | _a248 páginas | ||
| 336 |
_2rdacontent _atexto |
||
| 337 |
_2rdamedia _asin medio |
||
| 338 |
_2rdacarrier _avolumen |
||
| 650 | _a Arte comercial | ||
| 942 |
_2ddc _n0 _cB |
||
| 999 |
_c22120 _d22120 |
||